A Prágai magyar hírlap naptára

Bibliographic Details
Format: Journal
Language:Hungarian
PhysicalDescription:zv. 26 cm
Published: Prága Prágai Magyar Hírlap [1927]-[1934]
Prága Szilassy Béla
Prága Tarjan Odön
Subjects:

MARC

LEADER 00000cas a2200000 a 4500
001 vtls010496537
003 SK-MaSNL
005 20260228162006.0
008 130312d19271933xr ar|p y 0 b0hun
040 |a SNK  |b slo  |c SNK  |d SVKPO  |d SNK  |e AACR2 
041 |a hun 
044 |a xr  |c CZ 
080 |a 050  |2 2001 
080 |a (059)  |2 2011 
245 0 2 |a A Prágai magyar hírlap naptára 
246 1 3 |a Prágai magyar hírlap képes naptára 
246 1 4 |a Prágai magyar hírlap nagy képes irodalmi albuma  |f 1927-1929 
260 |a Prága  |b Prágai Magyar Hírlap  |c [1927]-[1934] 
260 2 |3 1931  |a Prága  |b Szilassy Béla 
260 3 |3 1932  |a Prága  |b Tarjan Odön 
300 |a zv.  |c 26 cm 
310 |a 1x ročne 
362 0 |a [1926]-[1933] 
500 |a Názov do r. 1929: Prágai magyar hírlap képes naptára 
525 |a V r.1922-1938 bol prílohou ku: Prágai magyar hírlap 
655 7 |a kalendáre  |2 SNKPH  |9 70450 
752 |a Česko  |d Praha 
772 0 |t Prágai magyar hírlap 
910 |a snk 
999 |c 6366  |d 8296 
952 |0 0  |1 0  |4 0  |7 0  |8 3  |a SNK  |b SNK  |d 2013-03-13  |i snkK 2017/63  |l 0  |o snkČSB 1934/1927  |p 17A0770815  |r 2026-02-21 20:23:57  |w 2026-02-21  |y PREZ 
952 |0 0  |1 0  |4 0  |7 0  |8 3  |a SNK  |b SNK  |d 2013-03-13  |i snkČIK 720/57  |l 0  |o snkČSB 1934/1928  |p 17A0770775  |r 2026-02-21 20:23:57  |w 2026-02-21  |y PREZ 
952 |0 0  |1 0  |4 0  |7 0  |8 5  |a SNK  |b SNK  |d 2013-03-13  |i snkF 3297/70  |l 0  |o snkČSB 1934/1929  |p 17A0770774  |r 2026-02-21 20:23:57  |w 2026-02-21  |y PREZ 
952 |0 0  |1 0  |4 0  |7 0  |8 5  |a SNK  |b SNK  |d 2013-03-13  |i snkF 3/80  |l 0  |o snkČSB 1934/1930  |p 17A0770773  |r 2026-02-21 20:23:57  |w 2026-02-21  |y PREZ 
952 |0 0  |1 0  |4 0  |7 0  |8 3  |a SNK  |b SNK  |d 2013-03-13  |i snkK 1919/80  |l 0  |o snkČSB 1934/1931  |p 17A0770772  |r 2026-02-21 20:24:00  |w 2026-02-21  |y PREZ 
952 |0 0  |1 0  |4 0  |7 0  |8 3  |a SNK  |b SNK  |d 2013-03-13  |i snkK 1920/80  |l 0  |o snkČSB 1934/1932  |p 17A0770779  |r 2026-02-21 20:24:00  |w 2026-02-21  |y PREZ 
952 |0 0  |1 0  |4 0  |7 0  |8 5  |a SNK  |b SNK  |d 2013-03-13  |i snkF 2065/76  |l 0  |o snkČSB 1934/1933  |p 17A0770778  |r 2026-02-21 20:24:00  |w 2026-02-21  |y PREZ 
952 |0 0  |1 0  |4 0  |7 0  |8 3  |a SNK  |b SNK  |d 2013-03-12  |i snkK 1922/80  |l 0  |o snkČSB 1934/1927 D1  |p 17A0888763  |r 2026-02-21 20:24:00  |w 2026-02-21  |y PREZ 
952 |0 0  |1 0  |4 0  |7 0  |8 3  |a SNK  |b SNK  |d 2013-03-12  |i snkK 1088/78  |l 0  |o snkČSB 1934/1929 D1  |p 17A0888561  |r 2026-02-21 20:24:00  |w 2026-02-21  |y PREZ 
952 |0 0  |1 0  |4 0  |7 0  |8 3  |a SNK  |b SNK  |d 2013-03-12  |i snkK 1921/80  |l 0  |o snkČSB 1934/1933 D1  |p 17A0888562  |r 2026-02-21 20:24:00  |w 2026-02-21  |y PREZ